| 000 | 00773nam a2200205Ia 4500 | ||
|---|---|---|---|
| 003 | SEM | ||
| 999 |
_c51405 _d51405 |
||
| 005 | 20220608072004.0 | ||
| 008 | 141116s9999 xx 000 0 arm d | ||
| 020 | _a5808406676 | ||
| 040 |
_aSEM _cSEM |
||
| 041 | _aarm | ||
| 080 | _a347.61(47.925)(075.8)/Ղ-46 | ||
| 100 | _aՂարախանյան Գեղամ | ||
| 245 |
_aՀայաստանի Հանրապետության ընտանեկան իրավունք: _bԴասագիրք բուհերի համար: / _c Գ. Ղարախանյան; Խմբ.՝ Կ. Բարսեղյան |
||
| 260 |
_aԵրևան: _bԵրևանի համալսարանի հրատ., _c2005 |
||
| 300 |
_a395 էջ; _c21 սմ |
||
| 650 | _aԸնտանեկան իրավունք | ||
| 700 |
_4edt. _aԲարսեղյան Կ. _eխմբ. |
||
| 942 |
_2udc _cBK |
||